| 000 | 00512nam a2200181Ia 4500 | ||
|---|---|---|---|
| 008 | 181130s2018 xx 000 0 und d | ||
| 100 | _aFreedman, Matthew | ||
| 245 | _aImmigration, employment opportunities, and criminal behavior | ||
| 260 | _c2018 | ||
| 300 | _ap.117-151. | ||
| 504 | _dMay | ||
| 650 | _aCrime and Criminals | ||
| 650 | _aEmployment | ||
| 650 | _aImmigration | ||
| 700 | _aOwens, Emily and Bohn, Sarah | ||
| 773 | _aAmerican Economic Journal: Economic Policy | ||
| 906 | _aImmigration | ||
| 999 |
_c506214 _d506214 |
||